| 000 | 00715nam a22001937a 4500 | ||
|---|---|---|---|
| 005 | 20170531151000.0 | ||
| 020 | _c450.00 | ||
| 035 | _aB-666062 | ||
| 037 |
_adpl _bVariety/Ven |
||
| 082 | _a346.07 | ||
| 100 | _aArora, Sushma | ||
| 245 |
_aTaxmann's business laws / _cby Sushma Arora |
||
| 250 | _a2nd ed | ||
| 260 |
_aNew Delhi _bTaxmann Publications _c2016 |
||
| 270 |
_a59/32, New Rohtak Road, _bNew Delhi _e110005 _k+91-11-45562222 |
||
| 300 |
_aI-38,498p. _c24cm(pbk) |
||
| 942 |
_2ddc _cEN _mARO _h346.07 |
||
| 999 |
_c140629 _d140629 |
||